000
00357nam a2200133Ia 4500
008
151001s9999||||xx |||||||||||||| ||und||
100
_a
M N Roy
245
_a
From the communist Manifesto to Radical Humanism
250
_a
1
260
_b
Renissance
260
_c
1999
300
_a
112
365
_b
18
999
_c
976507
_d
976504